00619nam a2200205Ia 4500003000400000005001700004008004100021020001500062040001800077041000800095082002200103100002300125245009200148250003200240260003200272300003700304650002500341650002600366700002100392OSt20220520145259.0210716s2004 xx 000 0 und d a8177225170 cAIMIT LIBRARY aeng a658.401226bHILC aHill, Charles W.L. aStrategic management :ban integrated approach /cBy Charles W. L. and Gareth R. Jones. a6th ed.bIndian Adaptation. aNew DelhibBiztantrac2004. axxxii, 495,IC693 :bPBc26.5 cm. aStrategic Management aImplementing Strategy aJones, Gareth R.